| 000 | 00791nam a2200205Ia 4500 | ||
|---|---|---|---|
| 003 | OSt | ||
| 005 | 20210804145500.0 | ||
| 008 | 210310s1973 ck ad fr 000 0 spa d | ||
| 040 |
_aCO-JMCR _cCO-JMCR |
||
| 041 | 0 | _aspa | |
| 082 | 0 | 4 |
_a332.46 / _bG215e _223 |
| 100 | 1 |
_aGarcía Mujica, Jorge, _916641 _eautor |
|
| 245 | 1 | 0 |
_aEfecto de la política monetaria en el corto plazo : _bcambios en velocidad precios y producto / _cJorge García Mujica |
| 260 |
_aBogotá : _bUniversidad de los Andes, Centro de Estudios sobre Desarrollo Económico, _c1973 |
||
| 300 |
_a42 páginas : _bilustraciones y gráficas a blanco y negro ; _c28 cm. |
||
| 490 | 0 |
_aDocumentos Cede ; _vN°002 |
|
| 504 | _aBibliografía: páginas 41-42 | ||
| 650 | 1 | 4 |
_aPolítica monetaria _916643 _zColombia |
| 942 |
_2ddc _cBK |
||
| 999 |
_c8212 _d8212 |
||